| 000 | 00481cam a22001694a 4500 | ||
|---|---|---|---|
| 020 | _a1578081394 | ||
| 040 | _cDLC | ||
| 041 | 1 | _hfre | |
| 082 | 0 | 0 | _a572 SCI 2001 A008 Or. |
| 245 | 1 | 0 |
_aNitrogen assimilation by plants : _bphysiological, biochemical and molecular aspects / |
| 260 |
_aEnfield, N.H. : _bScience Publishers, _c2001. |
||
| 300 |
_axxi, 466 p. : _bill. ; _c25 cm. |
||
| 650 | 0 | _aNitrogen | |
| 650 | 0 | _aPlants | |
| 700 | 1 | _aMorot-Gaudry, Jean-François, | |
| 942 | _cFB | ||
| 999 |
_c17088 _d17088 |
||